[Event "Baku Open 2016"]
[Site "Baku AZE"]
[Date "2016.09.22"]
[Round "5.7"]
[White "Hesham, Abdelrahman"]
[Black "Bodnaruk, Anastasia"]
[Result "0-1"]
[WhiteTitle "GM"]
[BlackTitle "IM"]
[WhiteElo "2419"]
[BlackElo "2465"]
[WhiteFideId "10600183"]
[BlackFideId "4181751"]
[EventDate "2016.09.18"]

1. d4 Nf6 2. c4 g6 3. f3 Bg7 4. e4 d6 5. Ne2 O-O 6. Be3 c5 7. d5 e6 8. Nec3 exd5
9. cxd5 Nh5 10. g4 Nf6 11. Nd2 Ne8 12. h4 f5 13. exf5 gxf5 14. g5 Nc7 15. f4 Re8
16. Kf2 Bd4 17. Rh3 Rxe3 18. Rxe3 Bxe3+ 19. Kxe3 b5 20. Kf2 b4 21. Nb5 Ne8 22.
a3 a6 23. axb4 Bb7 24. Na3 cxb4 25. Nc2 Nd7 26. Ne3 Ng7 27. h5 h6 28. Nf3 hxg5
29. Nxg5 Qf6 30. Be2 Re8 31. Ra4 a5 32. Rxa5 Nc5 33. Rb5 Qe7 34. Qd2 Nb3 35.
Rxb7 Qxb7 36. Qd1 Nc5 37. h6 Ne4+ 38. Nxe4 Rxe4 39. hxg7 Qxg7 40. Qc1 Rxf4+ 41.
Bf3 b3 42. Ng2 Qd4+ 43. Kg3 Qg7+ 44. Kf2 Qd4+ 45. Ke2 Qe5+ 46. Ne3 Kf7 47. Kf2
Rh4 48. Ng2 Rh3 49. Nf4 Rh2+ 50. Bg2 Rh8 51. Ne6 Rg8 52. Bf3 Qh2+ 53. Ke3 Rg1
54. Qc7+ Kf6 55. Nf4 Re1+ 56. Be2 Qg3+ 57. Kd2 Rg1 58. Qxd6+ Kg5 59. Ne6+ Kf6
60. Qd8+ Ke5 61. Qc7+ Kf6 62. Nf4 Qe1+ 63. Kd3 Rg3+ 64. Kd4 Qg1+ 0-1

[Event "Baku Open 2016"]
[Site "Baku AZE"]
[Date "2016.09.22"]
[Round "5.8"]
[White "Mamedjarova, Zeinab"]
[Black "Abdulov, Orkhan"]
[Result "1/2-1/2"]
[WhiteTitle "WGM"]
[BlackTitle "IM"]
[WhiteElo "2295"]
[BlackElo "2372"]
[WhiteFideId "13401521"]
[BlackFideId "13402714"]
[EventDate "2016.09.18"]

1. d4 d5 2. e3 Nf6 3. Nf3 c5 4. c4 cxd4 5. exd4 Nc6 6. Nc3 e6 7. Be2 dxc4 8.
Bxc4 Be7 9. O-O O-O 10. a3 b6 11. d5 Na5 12. Ba2 exd5 13. b4 Nc4 14. Nxd5 Qxd5
15. Qxd5 Nxd5 16. Bxc4 Bb7 17. Bb2 Rac8 18. Bb3 Bf6 19. Ne5 Nf4 20. f3 Bd5 21.
Bxd5 Nxd5 22. Rf2 Rfe8 23. Nd3 Nc3 24. Kf1 Red8 25. Ne1 Nd5 26. Bxf6 Nxf6 27.
Rc2 Nd5 28. Rxc8 Rxc8 29. Kf2 Nc3 30. Nd3 Nb5 31. a4 Rc2+ 32. Ke3 Nd6 33. Rc1
Ra2 34. Rc6 Nf5+ 35. Ke4 g6 36. g4 Re2+ 37. Kf4 Ne7 38. Rd6 f6 39. Rd7 a6 40.
Ra7 Nd5+ 41. Kg3 Rd2 42. Nf4 Ne3 43. Ne6 g5 1/2-1/2

[Event "Baku Open 2016"]
[Site "Baku AZE"]
[Date "2016.09.22"]
[Round "5.9"]
[White "Idrisov, Tabriz"]
[Black "Kazimova, Narmin"]
[Result "1-0"]
[BlackTitle "WGM"]
[WhiteElo "2289"]
[BlackElo "2302"]
[WhiteFideId "13402870"]
[BlackFideId "13402951"]
[EventDate "2016.09.18"]

1. d4 Nf6 2. Nf3 e6 3. g3 c5 4. Bg2 cxd4 5. Nxd4 d5 6. O-O e5 7. Nb3 Nc6 8. Bg5
Be6 9. Nc3 d4 10. Ne4 h6 11. Bxf6 gxf6 12. e3 Be7 13. Nec5 Bc8 14. Qh5 dxe3 15.
fxe3 Qb6 16. Bd5 Nd8 17. Ne4 Qxe3+ 18. Kh1 Be6 19. Rae1 Qb6 20. Nc3 Bxd5+ 21.
Nxd5 Qc6 22. c4 Ne6 23. Na5 Qa6 24. Rxe5 fxe5 25. Qxf7+ Kd8 26. Qxe7+ Kc8 27. b4
Rd8 28. Rf6 1-0

[Event "Baku Open 2016"]
[Site "Baku AZE"]
[Date "2016.09.22"]
[Round "5.10"]
[White "Ameir, Moheb"]
[Black "Bayramov, Elvin"]
[Result "1/2-1/2"]
[WhiteTitle "IM"]
[WhiteElo "2431"]
[BlackElo "2263"]
[WhiteFideId "10600620"]
[BlackFideId "13406655"]
[EventDate "2016.09.18"]

1. e4 c5 2. Nf3 Nc6 3. Bb5 g6 4. Bxc6 dxc6 5. d3 Bg7 6. h3 Nf6 7. Nc3 O-O 8. O-O
Be6 9. Be3 c4 10. d4 b5 11. a3 a5 12. Ng5 Bd7 13. e5 Nd5 14. Qd2 Bf5 15. g4 Bc8
16. Nge4 f5 17. exf6 exf6 18. Nxd5 Qxd5 19. f3 f5 20. Nc3 Qd6 21. Rad1 b4 22.
Ne2 fxg4 23. hxg4 c3 24. bxc3 Ba6 25. cxb4 Rae8 26. Bf4 Qd5 27. Nc3 Qf7 28. Bd6
Bxf1 29. Rxf1 Qc4 30. Bc5 axb4 31. axb4 Rf7 32. Kg2 Bh6 33. Qd3 Qxd3 34. cxd3
Re3 35. Ne4 Rxd3 36. Rh1 Bf8 37. Ng5 Bxc5 38. Nxf7 Bxd4 39. Nd8 Rd2+ 40. Kh3 c5
41. bxc5 Bxc5 42. Ne6 1/2-1/2

[Event "Baku Open 2016"]
[Site "Baku AZE"]
[Date "2016.09.22"]
[Round "5.11"]
[White "Sadikhov, Ulvi"]
[Black "Amin, Bassem"]
[Result "0-1"]
[WhiteTitle "IM"]
[BlackTitle "GM"]
[WhiteElo "2409"]
[BlackElo "2661"]
[WhiteFideId "13401416"]
[BlackFideId "10601457"]
[EventDate "2016.09.18"]

1. e4 e5 2. Nf3 Nc6 3. Bb5 a6 4. Ba4 Nf6 5. d3 b5 6. Bb3 Bc5 7. c3 d6 8. O-O h6
9. Re1 O-O 10. h3 Re8 11. Nbd2 Be6 12. Nf1 d5 13. exd5 Bxd5 14. Bc2 Qd7 15. Ng3
Bf8 16. Be3 Rad8 17. Ne4 Nh7 18. Nc5 Qc8 19. b4 f5 20. Bb3 Nf6 21. d4 Bxc5 22.
bxc5 e4 23. Nd2 Qe6 24. Qc1 a5 25. c4 bxc4 26. Nxc4 Nb4 27. Ne5 Nd7 28. Bf4 Nxe5
29. Bxe5 Nd3 30. Qc3 Nxe1 31. Rxe1 Re7 32. Qxa5 Bxb3 33. axb3 Qxb3 34. Re3 Qd5
35. Rg3 Rf8 36. Qa6 f4 37. Rg4 e3 38. fxe3 f3 39. Bf4 fxg2 40. Qe2 h5 41. Qxg2
Qb3 42. Rh4 Rxe3 43. Kh2 Rf3 44. Qd2 Ra8 0-1

[Event "Baku Open 2016"]
[Site "Baku AZE"]
[Date "2016.09.22"]
[Round "5.12"]
[White "Pourramezanali, Amirreza"]
[Black "Guliev, Logman"]
[Result "1-0"]
[WhiteTitle "IM"]
[BlackTitle "IM"]
[WhiteElo "2532"]
[BlackElo "2390"]
[WhiteFideId "12511412"]
[BlackFideId "13400061"]
[EventDate "2016.09.18"]

1. d4 Nf6 2. Bf4 g6 3. e3 Bg7 4. Nf3 O-O 5. h3 c5 6. c3 d6 7. Nbd2 b6 8. Bc4 Ba6
9. Bxa6 Nxa6 10. O-O Qc8 11. Qe2 Nc7 12. Bg5 Qa6 13. Qxa6 Nxa6 14. Bxf6 Bxf6 15.
d5 b5 16. e4 Rab8 17. Rac1 c4 18. a4 Nc5 19. axb5 Nd3 20. Rc2 Rfc8 21. Ra1 Rxb5
22. Rxa7 Rxb2 23. Rxb2 Nxb2 24. e5 dxe5 25. Ne4 Kg7 26. g4 h6 27. h4 g5 28. d6
Kf8 29. d7 Rd8 30. Rc7 Kg7 31. hxg5 hxg5 32. Nc5 e6 33. Rc8 Nd1 34. Nxe5 Nxc3
35. Nc6 Rh8 36. Rxh8 Kxh8 37. Kf1 Kg7 38. f3 Kg6 39. Ne4 Nxe4 40. fxe4 1-0

[Event "Baku Open 2016"]
[Site "Baku AZE"]
[Date "2016.09.22"]
[Round "5.13"]
[White "Karayev, Kanan"]
[Black "Guliev, Sarhan"]
[Result "1/2-1/2"]
[WhiteTitle "CM"]
[BlackTitle "GM"]
[WhiteElo "2266"]
[BlackElo "2416"]
[WhiteFideId "13406671"]
[BlackFideId "13400231"]
[EventDate "2016.09.18"]

1. Nf3 d5 2. g3 c5 3. Bg2 Nc6 4. d4 Nf6 5. O-O e6 6. c4 cxd4 7. Nxd4 Be7 8. Nc3
O-O 9. cxd5 exd5 10. Bg5 h6 11. Bxf6 Bxf6 12. e3 Nxd4 13. exd4 Be6 14. Qb3 Bxd4
15. Nxd5 Bxd5 16. Qxd5 Qxd5 17. Bxd5 Rfd8 18. Bf3 Rac8 19. Rac1 Bxb2 20. Rxc8
Rxc8 21. Bxb7 Rd8 22. Bf3 g6 23. Rd1 Bd4 24. Kg2 Kg7 25. Rd2 f5 26. Bd1 Kf6 27.
h4 g5 28. hxg5+ hxg5 29. g4 fxg4 30. Bxg4 Ke5 31. Re2+ Kd5 32. Bf3+ Kc4 33. Be4
a5 34. Kf3 Bc3 35. Kg4 Bd2 36. Bf5 Kc3 37. Re4 Rh8 38. Be6 a4 39. Kf3 a3 40. Ke2
Rd8 41. Kf1 Kb2 42. Re2 Rd4 43. Kg2 Kc3 44. Kf1 Rf4 45. Bg8 Rb4 46. Kg2 Kd3 47.
Re8 Kc2 48. Bh7+ Kb2 49. Bg8 Kb1 50. Re2 Rb2 51. Kf1 Bb4 52. Rxb2+ axb2 53. a4
Kc1 54. Bh7 b1=Q 55. Bxb1 Kxb1 56. f4 gxf4 57. Kf2 Kc2 58. Kf3 Kb3 1/2-1/2

[Event "Baku Open 2016"]
[Site "Baku AZE"]
[Date "2016.09.22"]
[Round "5.14"]
[White "Sindarov, Javokhir"]
[Black "Vokhidov, Shamsiddin"]
[Result "1/2-1/2"]
[WhiteTitle "CM"]
[BlackTitle "IM"]
[WhiteElo "2415"]
[BlackElo "2364"]
[WhiteFideId "14205483"]
[BlackFideId "14204223"]
[EventDate "2016.09.18"]

1. e4 c5 2. Nc3 Nc6 3. g3 g6 4. Bg2 Bg7 5. d3 d6 6. Be3 Nf6 7. h3 Rb8 8. Nge2 b5
9. Qd2 O-O 10. O-O b4 11. Nd1 Ba6 12. f4 Nd7 13. a3 Qc8 14. axb4 cxb4 15. Re1 e6
16. d4 d5 17. e5 Ne7 18. Nc1 Rb6 19. g4 Qc7 20. Nb3 Rfb8 21. Nf2 Rc6 22. Rec1
Bc4 23. Na5 Ra6 24. Nxc4 Rxa1 25. Rxa1 dxc4 26. d5 Nxd5 27. Rxa7 Qc6 28. Ne4 Bf8
29. f5 Ra8 30. fxe6 fxe6 31. Rxa8 Qxa8 32. Bd4 Bg7 33. Nf6+ N7xf6 34. exf6 Bxf6
35. Bxf6 Qa1+ 36. Kh2 Nxf6 37. g5 Ne8 38. Qd8 Qa4 39. Qc8 Kf7 40. Qxc4 Qa5 41.
Qf4+ Ke7 42. Be4 Qc5 43. Bd3 Qd6 44. Kg3 e5 45. Qe4 Qc5 46. Qb7+ Nc7 47. h4 Kd6
48. Be4 Kd7 49. Kf3 Qc4 50. b3 Qf1+ 51. Kg3 Qg1+ 52. Kh3 Qc5 53. Kg2 Qc3 54. Kh2 1/2-1/2

[Event "Baku Open 2016"]
[Site "Baku AZE"]
[Date "2016.09.22"]
[Round "5.15"]
[White "Bashirli, Nail"]
[Black "Abdisalimov, Abdimalik"]
[Result "0-1"]
[WhiteTitle "FM"]
[BlackTitle "FM"]
[WhiteElo "2387"]
[BlackElo "2310"]
[WhiteFideId "13406809"]
[BlackFideId "14206323"]
[EventDate "2016.09.18"]

1. e4 c5 2. Nf3 d6 3. d4 cxd4 4. Nxd4 Nf6 5. Nc3 a6 6. g3 e5 7. Nf3 h6 8. Bg2
Be7 9. O-O O-O 10. Nh4 Nc6 11. h3 Be6 12. Nd5 Na5 13. Nxf6+ Bxf6 14. Nf5 d5 15.
Qg4 Bxf5 16. Qxf5 d4 17. f4 Nc4 18. b3 Nd6 19. Qg4 Qc8 20. Ba3 Rd8 21. Qh5 Qe6
22. Rae1 Rac8 23. Rf2 Rc3 24. Kh2 Rdc8 25. Ree2 Re3 26. f5 Qd7 27. c4 Nxc4 28.
Bc1 Rxe2 29. Qxe2 Nd6 30. Bb2 Bg5 31. h4 Be3 32. Rf1 Qb5 33. Qd1 Qa5 34. f6 g6
35. h5 g5 36. a4 Qd2 37. Qxd2 Bxd2 38. Ba3 Ne8 39. Rf5 Bc1 40. Be7 d3 41. Rxe5
Bb2 42. Rd5 Bxf6 43. Bb4 Bc3 44. Bh3 Rc6 45. Bc5 d2 46. b4 a5 47. Rd8 Kg7 48.
Bg4 axb4 49. Bxb4 Bxb4 50. Rxe8 Rc4 51. Be2 Rc2 52. Kh3 Rc3 53. Kg2 Ra3 54. Rd8
Rxa4 55. Rd7 Bc3 56. Rxb7 Rxe4 57. Kf3 Rd4 58. Rb3 Bb4 59. Bd1 g4+ 60. Ke3 Bc5
61. Rb5 Rd5+ 62. Ke2 Rxh5 63. Rb7 Rh2+ 64. Kd3 h5 65. Bb3 Rf2 66. Rb5 Bd6 0-1

[Event "Baku Open 2016"]
[Site "Baku AZE"]
[Date "2016.09.22"]
[Round "5.16"]
[White "Orujov, Shujaat"]
[Black "Alavi, Sayed Javad"]
[Result "0-1"]
[BlackTitle "IM"]
[WhiteElo "2260"]
[BlackElo "2453"]
[WhiteFideId "13403613"]
[BlackFideId "12500607"]
[EventDate "2016.09.18"]

1. e4 c5 2. Nf3 e6 3. d4 cxd4 4. Nxd4 a6 5. Be2 Nf6 6. Nc3 d6 7. O-O Nc6 8. a4
Be7 9. Be3 O-O 10. f4 Bd7 11. Kh1 Rc8 12. Bf3 Na5 13. Bc1 Nc6 14. Be3 Nxd4 15.
Bxd4 Bc6 16. Qe2 Qa5 17. e5 dxe5 18. fxe5 Nd7 19. Rad1 Qc7 20. Rd3 Nc5 21. Bxc5
Bxf3 22. Rdxf3 Qxc5 23. Rf4 b5 24. axb5 axb5 25. Qh5 f5 26. Qe2 b4 27. Nb5 Rfd8
28. c4 bxc3 29. Nxc3 Bg5 30. Ra4 Rd2 31. Qa6 Qc6 32. Qxc6 Rxc6 33. h4 Be3 34.
Ra8+ Kf7 35. Ne4 Rxb2 36. Nd6+ Kg6 37. Re8 Kh5 38. Rxe6 Kg4 39. Re7 g6 40. Rxh7
Rf2 41. Re1 Rc1 42. Rxc1 Bxc1 43. Kg1 Kg3 44. Rg7 Rxg2+ 45. Kf1 Kf3 46. Nf7 Ra2 0-1

[Event "Baku Open 2016"]
[Site "Baku AZE"]
[Date "2016.09.22"]
[Round "5.17"]
[White "Naghdiyev, Niyazi"]
[Black "Rayes, Abdul Kader"]
[Result "1-0"]
[WhiteTitle "FM"]
[WhiteElo "2366"]
[BlackElo "2254"]
[WhiteFideId "13405519"]
[BlackFideId "7600801"]
[EventDate "2016.09.18"]

1. d4 Nf6 2. Nf3 g6 3. c4 Bg7 4. g3 c5 5. Bg2 O-O 6. Nc3 d6 7. O-O Nc6 8. dxc5
dxc5 9. Bf4 Be6 10. Ne5 Qxd1 11. Raxd1 Na5 12. b3 Nh5 13. Ne4 Nxf4 14. gxf4 Bxe5
15. fxe5 b6 16. Nc3 Rac8 17. Rd2 Rfd8 18. Rfd1 Rxd2 19. Rxd2 Kf8 20. h4 Ke8 21.
Kh2 Bd7 22. Kg3 h6 23. f4 Bc6 24. Bh3 e6 25. h5 gxh5 26. f5 exf5 27. e4 Rd8 28.
Rxd8+ Kxd8 29. exf5 Bd7 30. Kh4 Nc6 31. Kxh5 Nxe5 32. Kxh6 Nd3 33. Kg5 Bc6 34.
Bf1 Nf2 35. Kf4 Ke7 36. a3 f6 37. b4 cxb4 38. axb4 Kd6 39. Ke3 Ng4+ 40. Kd4 Ne5
41. c5+ bxc5+ 42. bxc5+ Kd7 43. Ba6 Nf3+ 44. Ke3 Ne5 45. Nb5 Kd8 46. Nxa7 Bd7
47. Kf4 Ke7 48. Ke4 Bc6+ 49. Kd4 Nf3+ 50. Ke3 Nh4 51. Bc8 Bd7 52. Bxd7 Kxd7 53.
Kf4 Kc7 54. Kg4 Ng2 55. Kg3 Ne3 56. Kf4 Ng2+ 57. Ke4 Nh4 58. Kd5 Nxf5 59. Nb5+
Kb7 60. c6+ Kb6 61. c7 Ne7+ 62. Kd6 Nc8+ 63. Kd7 Kb7 64. Nd4 Nb6+ 65. Kd8 Nc8
66. Nf5 Na7 67. Nd6+ Kc6 68. Nc8 1-0

[Event "Baku Open 2016"]
[Site "Baku AZE"]
[Date "2016.09.22"]
[Round "5.18"]
[White "Bagheri, Maziar"]
[Black "Miroshnichenko, Pavel"]
[Result "1/2-1/2"]
[WhiteElo "2361"]
[BlackElo "2281"]
[WhiteFideId "12530913"]
[BlackFideId "4188659"]
[EventDate "2016.09.18"]

1. Nf3 d5 2. d4 Nf6 3. c4 c6 4. Nc3 dxc4 5. a4 e6 6. e3 c5 7. Bxc4 Nc6 8. O-O
cxd4 9. exd4 Be7 10. Re1 O-O 11. h3 Bd7 12. Be3 Nb4 13. Ne5 Bc6 14. a5 Nbd5 15.
Qb3 Bd6 16. Bg5 Qc7 17. Nb5 Bxb5 18. Bxb5 a6 19. Bf1 Rac8 20. Nd3 h6 21. Rec1
Qe7 22. Bd2 Ne4 23. Be1 Rfd8 24. g3 Bb8 25. Bg2 Nef6 26. Rxc8 Rxc8 27. Nc5 Ba7
28. Qxb7 Qxb7 29. Nxb7 Bxd4 30. Bf1 Rc6 31. Ra4 Bxb2 32. Rc4 Rc7 33. Rxc7 Nxc7
34. Nc5 Bd4 35. Nxa6 Nxa6 36. Bxa6 Kf8 37. Bb7 Ke7 38. a6 Kd7 39. Bc3 Ba7 40.
Kg2 Ne8 41. g4 f6 42. Bb4 Nd6 43. Bf3 Kc7 44. Ba5+ Kb8 45. Bd8 Bc5 46. Be2 Ne4
47. f4 Ka7 48. Ba5 Bd4 49. Bb4 f5 50. Bf8 fxg4 51. hxg4 Nc5 52. Bc4 Nxa6 53.
Bxe6 Nc5 54. Bf5 Kb6 55. g5 hxg5 56. fxg5 Kc6 57. Kf3 Kd5 58. Kg4 Ne6 1/2-1/2

[Event "Baku Open 2016"]
[Site "Baku AZE"]
[Date "2016.09.22"]
[Round "5.19"]
[White "Pirverdiyev, Agil"]
[Black "Fataliyeva, Ulviyya"]
[Result "1-0"]
[BlackTitle "WIM"]
[WhiteElo "2343"]
[BlackElo "2234"]
[WhiteFideId "13400568"]
[BlackFideId "13403052"]
[EventDate "2016.09.18"]

1. d4 e6 2. c4 Nf6 3. Nf3 d5 4. Nc3 Bb4 5. Qa4+ Nc6 6. e3 O-O 7. Bd2 a5 8. a3
Bxc3 9. Bxc3 Ne4 10. Bd3 f5 11. O-O Rf6 12. g3 Rh6 13. Kg2 Bd7 14. Qb3 a4 15.
Qa2 Qe8 16. h4 Kh8 17. Ng5 Nxg5 18. hxg5 Rh5 19. f4 dxc4 20. Be2 b5 21. e4 Ne7
22. Qb1 Bc6 23. d5 Nxd5 24. exd5 Bxd5+ 25. Bf3 Rd8 26. Qe1 Bxf3+ 27. Rxf3 Rd3
28. Qe5 Qd7 29. Re1 Rd6 30. Bb4 Ra6 31. Qc5 Qe8 32. Qxc7 Rc6 33. Qb7 Rc8 34. Bc3 1-0

[Event "Baku Open 2016"]
[Site "Baku AZE"]
[Date "2016.09.22"]
[Round "5.20"]
[White "Gadimbayli, Abdulla"]
[Black "Muradli, Mahammad"]
[Result "1-0"]
[WhiteTitle "FM"]
[BlackTitle "FM"]
[WhiteElo "2294"]
[BlackElo "2331"]
[WhiteFideId "13404938"]
[BlackFideId "13409301"]
[EventDate "2016.09.18"]

1. e4 g6 2. d4 Bg7 3. Nc3 d6 4. Be3 a6 5. a4 Nc6 6. h3 e5 7. Nf3 exd4 8. Nxd4
Nge7 9. Bc4 O-O 10. O-O Bxd4 11. Bxd4 Be6 12. Bxe6 fxe6 13. Be3 Qd7 14. Qe2 Rf7
15. Rad1 Raf8 16. Bh6 Re8 17. f4 Qc8 18. Qc4 Na5 19. Qd3 c5 20. Bg5 Nec6 21. f5
Ref8 22. Bh6 Rd8 23. fxg6 Rxf1+ 24. Qxf1 Ne5 25. Qf6 Qc7 26. Qxe6+ 1-0

[Event "Baku Open 2016"]
[Site "Baku AZE"]
[Date "2016.09.22"]
[Round "5.21"]
[White "Soozankar, A.M."]
[Black "Mammadova, Narmin"]
[Result "1-0"]
[WhiteTitle "FM"]
[BlackTitle "WIM"]
[WhiteElo "2329"]
[BlackElo "2230"]
[WhiteFideId "12503029"]
[BlackFideId "13403710"]
[EventDate "2016.09.18"]

1. d4 d5 2. Nf3 Nf6 3. Bf4 c5 4. dxc5 e6 5. Nc3 Bxc5 6. e3 O-O 7. Bd3 Nc6 8. O-O
h6 9. e4 Nb4 10. e5 Nxd3 11. cxd3 Nd7 12. d4 Be7 13. Rc1 a6 14. Qd2 Re8 15. Rfe1
Bf8 16. Re3 b5 17. Ne1 Nb6 18. Rg3 Kh8 19. Qe2 Qh4 20. Qf3 Bd7 21. Bxh6 Qxh6 22.
Rh3 Qxh3 23. Qxh3+ Kg8 24. Nf3 Be7 25. Ne2 Rac8 26. Rf1 Rc2 27. Nf4 b4 28. Nh5
Bb5 29. Qg4 g6 30. Nf6+ Bxf6 31. exf6 Bxf1 32. Qf4 Nd7 33. Ne5 Nxf6 34. Qxf6 Rf8
35. Nxg6 fxg6 36. Qxg6+ Kh8 37. Qxc2 Bb5 38. Qc5 Rf4 39. Qxb4 e5 40. Qe7 Re4 41.
f3 Re1+ 42. Kf2 Re2+ 43. Kg3 1-0

[Event "Baku Open 2016"]
[Site "Baku AZE"]
[Date "2016.09.22"]
[Round "5.22"]
[White "Mamedjarova, Turkan"]
[Black "Khalafova, Narmin"]
[Result "1/2-1/2"]
[WhiteTitle "WGM"]
[BlackTitle "WIM"]
[WhiteElo "2304"]
[BlackElo "2219"]
[WhiteFideId "13402005"]
[BlackFideId "13402625"]
[EventDate "2016.09.18"]

1. e4 c5 2. Nc3 g6 3. d3 Bg7 4. Be3 d6 5. Qd2 Nc6 6. g3 Nd4 7. Bg2 Rb8 8. Nd1 h5
9. c3 Nc6 10. h3 Bd7 11. f4 Nf6 12. Nf3 b5 13. O-O b4 14. Nh4 Nh7 15. e5 dxe5
16. Bxc5 exf4 17. Qxf4 O-O 18. Qe3 bxc3 19. bxc3 Qc8 20. Kh2 a5 21. d4 Re8 22.
Rc1 Qc7 23. Rc2 Bf6 24. Qe4 Ng5 25. Qd3 Kg7 26. Ne3 Ne6 27. Nd5 Nxc5 28. dxc5
Qa7 29. Nxf6 exf6 30. Rcf2 f5 31. Qd6 Re6 32. Qf4 Ne7 33. Nf3 Re4 34. Qd6 Nc8
35. Qd2 Bb5 36. Ng5 Re7 37. Qd4+ Kg8 38. Rb1 Be8 39. Rxb8 Qxb8 40. Bd5 Qe5 41.
Nf3 Qe3 42. h4 Na7 43. Rb2 Qe1 44. c4 Nc6 45. Qd2 Qxd2+ 46. Rxd2 Rc7 47. Ng5 Ne5
48. Re2 Ng4+ 49. Kg1 Nf6 50. Re5 Bc6 51. Bxf7+ Rxf7 52. Nxf7 Kxf7 1/2-1/2

[Event "Baku Open 2016"]
[Site "Baku AZE"]
[Date "2016.09.22"]
[Round "5.23"]
[White "Paramzina, Anastasya"]
[Black "Aghayev, Nijat"]
[Result "1/2-1/2"]
[WhiteTitle "WFM"]
[BlackTitle "IM"]
[WhiteElo "2164"]
[BlackElo "2342"]
[WhiteFideId "4165012"]
[BlackFideId "13402048"]
[EventDate "2016.09.18"]

1. e4 c5 2. Nf3 Nc6 3. d4 cxd4 4. Nxd4 g6 5. c4 Bg7 6. Be3 Nf6 7. Nc3 Ng4 8.
Qxg4 Nxd4 9. Qd1 Ne6 10. Rc1 O-O 11. Be2 d6 12. O-O Nc5 13. Bf3 a5 14. b3 Bd7
15. Qe2 Bc6 16. Rfd1 Qb6 17. Rc2 a4 18. Rb1 axb3 19. axb3 Qd8 20. h4 Ra3 21. b4
Ne6 22. Qd2 Re8 23. Nd5 Rxe3 24. Qxe3 Nd4 25. Rd2 Nxf3+ 26. Qxf3 e6 27. b5 exd5
28. bxc6 dxe4 29. Qa3 bxc6 30. Qxd6 Qxh4 31. Qxc6 Rf8 32. Re1 Be5 33. g3 Bxg3
34. fxg3 Qxg3+ 35. Kf1 Qh3+ 36. Rg2 Qh1+ 37. Kf2 Qh4+ 38. Ke2 Qh5+ 39. Kf1 Qh1+
40. Kf2 Qh4+ 41. Kf1 Qh1+ 1/2-1/2

[Event "Baku Open 2016"]
[Site "Baku AZE"]
[Date "2016.09.22"]
[Round "5.24"]
[White "Abdulla, Khayala"]
[Black "Fendereski, Nima"]
[Result "1/2-1/2"]
[WhiteTitle "WGM"]
[WhiteElo "2214"]
[BlackElo "2238"]
[WhiteFideId "13401807"]
[BlackFideId "12533807"]
[EventDate "2016.09.18"]

1. e4 c5 2. Nf3 d6 3. d4 cxd4 4. Nxd4 Nf6 5. Nc3 a6 6. Be2 e5 7. Nb3 Be7 8. Be3
Be6 9. Nd5 Nbd7 10. Qd3 O-O 11. O-O Bxd5 12. exd5 Nc5 13. Nxc5 dxc5 14. Rad1 e4
15. Qb3 Qc7 16. Bg5 Ne8 17. Bc1 Bd6 18. Qh3 Bf4 19. f3 Bxc1 20. Rxc1 Qe5 21.
fxe4 Nd6 22. Qe3 Rac8 23. Qf4 Rfe8 24. Qxe5 Rxe5 25. Bf3 Kf8 26. c4 Ke7 27. Rc3
Kd8 28. g3 f6 29. Bg2 Rc7 30. b3 Re8 31. Rf4 Nf7 32. Bh3 Ne5 33. Be6 b5 34. cxb5
axb5 35. Rf1 Ke7 36. a4 bxa4 37. bxa4 Rb8 38. a5 Kd6 39. Ra1 Ra7 40. a6 c4 41.
Ra5 g5 42. g4 Rb6 43. Bc8 Kc7 44. Bb7 Rbxb7 45. Rc5+ Kd6 46. axb7 Rxb7 47. Rc8
Rb1+ 48. Kg2 Re1 49. R3xc4 Nxc4 50. Rxc4 Ke5 51. Kf2 Rh1 52. Kg2 Re1 53. Kf3
Rf1+ 54. Kg3 Rg1+ 55. Kf3 Rf1+ 56. Kg2 Re1 57. h3 Re3 58. Ra4 Rb3 59. Ra6 Rb2+
60. Kf3 Rb3+ 61. Kg2 Rb2+ 62. Kf1 Kxe4 63. Rxf6 Rb1+ 64. Ke2 Rb2+ 65. Ke1 Kxd5
66. Rf5+ Ke6 67. Rxg5 Kf6 68. Rh5 Kg6 69. Kf1 Ra2 70. Kg1 h6 71. Rf5 Rb2 72. Ra5
Rc2 73. Rf5 Ra2 74. Rf2 Rxf2 75. Kxf2 h5 1/2-1/2

[Event "Baku Open 2016"]
[Site "Baku AZE"]
[Date "2016.09.22"]
[Round "5.25"]
[White "Derakhshani, Borna"]
[Black "Zherebtsova, Alexandra"]
[Result "0-1"]
[WhiteTitle "FM"]
[BlackTitle "WFM"]
[WhiteElo "2244"]
[BlackElo "2159"]
[WhiteFideId "12518450"]
[BlackFideId "24129518"]
[EventDate "2016.09.18"]

1. e4 e5 2. Nf3 Nc6 3. Bc4 Bc5 4. c3 Nf6 5. d3 a6 6. a4 d6 7. b4 Bb6 8. O-O h6
9. Qb3 Qe7 10. Be3 Ba7 11. Nbd2 Be6 12. Bxa7 Rxa7 13. d4 Bxc4 14. Nxc4 O-O 15.
b5 axb5 16. axb5 Rxa1 17. Rxa1 Nd8 18. dxe5 Nxe4 19. Qb4 Ne6 20. Nd4 Nf4 21. f3
Qg5 22. Qb2 Nxc3 23. Re1 Ncd5 24. Qd2 Nb6 25. Ne3 dxe5 26. Ndf5 Qd8 27. Qc3 Re8
28. Ng4 f6 29. Qb3+ Qd5 30. Nfxh6+ Kh8 31. Qxd5 Nfxd5 32. Nf5 Nc3 33. h4 Nxb5
34. h5 Nd5 35. Kf2 Ra8 36. Rh1 Ra2+ 37. Kg3 Nd4 38. Nh4 Nf4 39. Ng6+ Nxg6 40.
hxg6+ Kg8 41. Re1 b5 0-1

[Event "Baku Open 2016"]
[Site "Baku AZE"]
[Date "2016.09.22"]
[Round "5.26"]
[White "Soyunlu, Narmin"]
[Black "Aliyev, Ravan"]
[Result "0-1"]
[WhiteElo "2095"]
[BlackElo "2225"]
[WhiteFideId "13400843"]
[BlackFideId "13409980"]
[EventDate "2016.09.18"]

1. g3 g6 2. Bg2 Bg7 3. c4 d6 4. Nc3 e5 5. e3 Ne7 6. Nge2 Nbc6 7. O-O O-O 8. Rb1
Be6 9. Nd5 Rb8 10. b4 b5 11. Nxe7+ Nxe7 12. cxb5 Bxa2 13. Ra1 Bc4 14. Rxa7 Bxb5
15. d3 Nc6 16. Bxc6 Bxc6 17. e4 Rxb4 18. Bd2 Rb7 19. Rxb7 Bxb7 20. Qb3 Bc8 21.
Ba5 Bh3 22. Rc1 Qf6 23. d4 Bh6 24. Re1 exd4 25. f4 c5 26. Qd5 Qe6 27. Qb7 Qa2 0-1

[Event "Baku Open 2016"]
[Site "Baku AZE"]
[Date "2016.09.23"]
[Round "6.1"]
[White "Bogdanovich, Stanislav"]
[Black "Artemiev, Vladislav"]
[Result "1-0"]
[WhiteTitle "IM"]
[BlackTitle "GM"]
[WhiteElo "2591"]
[BlackElo "2663"]
[WhiteFideId "14115298"]
[BlackFideId "24101605"]
[EventDate "2016.09.18"]

1. d4 Nf6 2. Nf3 g6 3. Bg5 Bg7 4. Nbd2 d6 5. e4 h6 6. Bh4 O-O 7. c3 c5 8. dxc5
dxc5 9. Bc4 Nh5 10. O-O Qc7 11. Re1 Nc6 12. Qc2 Bg4 13. Bg3 Nxg3 14. hxg3 g5 15.
Be2 Bh5 16. Nc4 Bg6 17. a4 b6 18. Rad1 a6 19. Ne3 e6 20. Rd2 Rfb8 21. Red1 b5
22. Rd7 Qc8 23. R7d6 Ra7 24. Ng4 Qc7 25. R6d2 Rab7 26. Ne3 Qe7 27. Bd3 Rd7 28.
Bf1 Rc7 29. axb5 axb5 30. Ra1 h5 31. g4 hxg4 32. Nxg4 f5 33. Ne3 fxe4 34. Ra6
Bh7 35. Nh2 c4 36. Nhg4 Ne5 37. Nxe5 Bxe5 38. g3 Rd7 39. Rxd7 Qxd7 40. Bg2 Qc8
41. Ra7 Rb7 42. Ra1 Qc6 43. Qd1 Bf6 44. Qh5 Qd7 45. Ra8+ Kg7 46. Ng4 Qd1+ 47.
Kh2 Bd8 48. Qh6+ Kh8 49. Qf6+ 1-0